| 000 | 00528nam a2200217 a 4500 | ||
|---|---|---|---|
| 999 |
_c4067 _d4067 |
||
| 001 | 4067 | ||
| 003 | BD-JhCC | ||
| 005 | 20190917134018.0 | ||
| 008 | 171118s uk |||| |||| 000 0 eng d | ||
| 035 | _a(BD-JhCC) | ||
| 040 |
_aBD-JhCC _dBD-JhCC |
||
| 041 | _aeng | ||
| 082 |
_a823.914 _bFEI |
||
| 100 | _aFeild, Geoffrey | ||
| 245 |
_aLion's Gold / _cGeoffrey Feild |
||
| 260 |
_aLondon : _bBlackie & Son Ltd |
||
| 300 |
_a49 p.; _c14 cm |
||
| 490 | _aThe Crusader Series | ||
| 650 | _aChildren stories | ||
| 942 |
_2ddc _cBK _02 |
||